1906-2006: Cien años de política de vivienda en Chile
Guardat en:
| Autors principals: | , |
|---|---|
| Format: | Llibre |
| Idioma: | espanyol |
| Publicat: |
Santiago
Universidad Andrés Bello
2007
|
| Edició: | 1a. ed |
| Col·lecció: | Arquitectura, 1
Geolibros, 10 |
| Matèries: | |
| Etiquetes: |
Afegir etiqueta
Sense etiquetes, Sigues el primer a etiquetar aquest registre!
|
MARC
| LEADER | 00000nam a2200000 a 4500 | ||
|---|---|---|---|
| 001 | UCI7091 | ||
| 003 | CL-VaPUC | ||
| 008 | 080605e20070000CL |||||||||||||||||spa|d | ||
| 020 | |a 9789567247479 | ||
| 082 | 0 | 4 | |a 711.58 |b CAS |2 21 |
| 100 | 0 | |a Castillo, María José |e author |9 530210 | |
| 700 | |a Hidalgo Dattwyler, Rodrigo |e author |9 588964 | ||
| 245 | 1 | 0 | |a 1906-2006: Cien años de política de vivienda en Chile |
| 250 | |a 1a. ed | ||
| 300 | |a 325 p | ||
| 942 | |c BK | ||
| 945 | |d 20080605 00:00:00 |a jtorresc | ||
| 260 | |a Santiago |b Universidad Andrés Bello |c 2007 | ||
| 650 | 0 | |a Viviendas sociales |9 266841 | |
| 650 | 0 | |a Construcción de viviendas |9 266842 | |
| 650 | 7 | |a DESARROLLO URBANO |2 CL-VaPUC |9 530212 | |
| 650 | 7 | |a POLITICA HABITACIONAL |2 CL-VaPUC |9 266843 | |
| 651 | 7 | |a CHILE |2 CL-VaPUC |9 530213 | |
| 583 | |a last modification |c 20160817 03:44:27 |k Rodrigo Vera | ||
| 490 | 0 | |a Arquitectura, 1 | |
| 490 | 0 | |a Geolibros, 10 | |
| 999 | |c 330482 |d 330480 | ||
| 952 | |0 0 |1 0 |4 0 |6 711_580000000000000_CAS_2007 |7 0 |8 A |9 416048 |a BIBARQ |b BIBARQ |d 2019-11-22 |i 4447131 |l 2 |o 711.58 CAS 2007 |p 4447131 |r 2025-01-20 |s 2023-06-09 |w 2019-11-22 |y BK |k ARQ | ||
| 952 | |0 0 |1 0 |4 0 |6 711_580000000000000_CAS_2007 |7 0 |8 A |9 416049 |a BIBARQ |b BIBARQ |d 2019-11-22 |i 444714K |l 2 |o 711.58 CAS 2007 |p 444714K |r 2025-04-04 |s 2025-04-01 |w 2019-11-22 |y BK |k ARQ | ||